000 00494nam a2200169Ia 4500
008 090201s9999 xx 000 0 und d
010 _aKPL-36926
040 _bमराठी
041 _aमराठी
082 _a28887
_b36926
100 _aमंगला कुलकर्णी
245 _aसाद
_cमंगला कुलकर्णी
260 _c2004
_bशकुन प्रकाशन
300 _a112
_bमोठा
600 _aसाद
942 _cBOOK
999 _c227551
_d227551